|
|
|
|
| LEADER |
00971nam a22002297a 4500 |
| 001 |
37627 |
| 003 |
BD-DhAAL |
| 005 |
20220105122204.0 |
| 008 |
220105t2020 bg s 001 0 eeng d |
| 999 |
|
|
|c 43398
|d 43398
|
| 040 |
|
|
|a BD-DhAAL
|c BD-DhAAL
|
| 082 |
0 |
0 |
|a 370.95492
|2 22
|
| 245 |
0 |
0 |
|a Bangladesh education statistics 2019
|
| 260 |
|
|
|a Dhaka :
|b Bangladesh Bureau of Educational Information and Statistics (BANBEIS),
|c 2020
|
| 300 |
|
|
|a 424 pages :
|b color illustrations ;
|c 25 cm.
|
| 490 |
0 |
|
|a BANBEIS publication, no. 481
|
| 541 |
|
|
|a Complimentary copy from BANBEIS
|e 30337
|
| 650 |
|
0 |
|a Education
|z Bangladesh
|x Statistics.
|9 6475
|
| 710 |
2 |
|
|a Bangladesh Bureau of Educational Information and Statistics (BANBEIS)
|9 6476
|
| 852 |
1 |
|
|a Ayesha Abed Library
|c General Stacks
|
| 942 |
|
|
|2 ddc
|c BK
|
| 952 |
|
|
|0 0
|1 0
|2 ddc
|4 0
|6 370_954920000000000_BAN
|7 0
|9 69661
|a BRACUL
|b BRACUL
|c GEN
|d 2022-01-05
|e Complimentary copy from BANBEIS
|l 0
|o 370.95492 BAN
|p 3010037627
|r 2022-01-05
|t 1
|w 2022-01-05
|y BK
|